000 00550nam a2200205Ia 4500
005 20250923150039.0
008 008 250917s9999 xx 000 0 eng d
037 _aTextual
040 _aDSWL
_beng
_cDSWL
041 _aeng
_2eng
084 _aSZ:f, N91
_qDSWL
100 _aScott, John
_9841641
245 0 _aSocial network analysis : A handbook
_c by John Scott
260 _aLondon
_bSage
_c1991
300 _a210 p.
365 _aINR
_b1080.77
925 _g1080.77
942 _cTEXL
_hSZ:f, N91
999 _c1458944
_d1458944